000
00312nam a22001217a 4500
008
180516b xxu||||| |||| 00| 0 eng d
041
_a
eng
080
_a
043.3
100
_a
0
101
_a
SHKI-BTH
245
_a
Multiplayer game development in ASP.NET using HTML 5 and JavaScript
_c
Mustafa,M
942
_2
udc
_c
BK
999
_c
45858
_d
45858